Begin Again (TV) - Taylor Swift (All Lyrics) - Statistics

General Stats
  • This quiz has been taken 226 times
    214 since last reset
  • The average score is 291 of 335
Answer Stats
Lyrics % Correct
a
98%
I
98%
again
96%
be
96%
begin
96%
you
96%
You
96%
you,
96%
it
95%
in
94%
in,
94%
like
94%
the
94%
We
94%
we
94%
and
93%
And
93%
He
93%
he
93%
café,
92%
did
92%
watched
92%
but
91%
But
91%
do
91%
do,
91%
on
91%
On
91%
that
91%
That
91%
your
91%
didn't
90%
I'm
90%
is,
90%
is
90%
Wednesday
90%
ever
89%
head
89%
it's
89%
never
89%
when
89%
who
89%
'cause
88%
'Cause
88%
I've
88%
think
87%
to
87%
funny
86%
kid
86%
little
86%
my
86%
walk
86%
back
85%
break
85%
burn
85%
does
85%
end
85%
heels,
85%
high
85%
love
85%
said
85%
all
84%
know
84%
me
84%
strange
84%
wore
84%
been
83%
laughin'
83%
Thinkin'
83%
this
83%
throw
83%
as
82%
don't
82%
how
82%
months
82%
about
81%
last
81%
eight
79%
every
79%
for
79%
get
79%
girl
79%
nice
79%
spendin'
79%
talk
79%
walked
79%
always
78%
family
78%
first
78%
past
78%
records
78%
song,
78%
Taylor
78%
chair
77%
James
77%
many
77%
time,
77%
met
76%
mirror
76%
single
76%
car
75%
Christmas
75%
late
75%
breath
74%
got
74%
pull
74%
you'd
74%
deep
73%
down
73%
early
73%
Had
73%
movies
73%
shy,
73%
stand
72%
what's
72%
why
72%
here
71%
Took
71%
watches
71%
start
69%
comin'
68%
expectin'
68%
headphones
68%
off
68%
one
68%
out
68%
put
68%
up
68%
almost
67%
help
67%
him
63%
brought
60%
wanna
60%
lock
59%
Turn
58%
wave,
58%
block
56%
tell
51%
stories
50%
No matching quizzes found
Score Distribution
Percent of People with Each Score
Percentile by Number Answered
Your Score History
You have not taken this quiz since the last reset